<?xml version="1.0" encoding="UTF-8"?>
<record
    xmlns:xsi="http://www.w3.org/2001/XMLSchema-instance"
    xsi:schemaLocation="http://www.loc.gov/MARC21/slim http://www.loc.gov/standards/marcxml/schema/MARC21slim.xsd"
    xmlns="http://www.loc.gov/MARC21/slim">

  <leader>01920nam a22003017a 4500</leader>
  <controlfield tag="005">20250718095557.0</controlfield>
  <controlfield tag="008">230209b           ||||| |||| 00| 0 eng d</controlfield>
  <datafield tag="020" ind1=" " ind2=" ">
    <subfield code="a">9789356931831</subfield>
  </datafield>
  <datafield tag="040" ind1=" " ind2=" ">
    <subfield code="c">AL</subfield>
  </datafield>
  <datafield tag="041" ind1=" " ind2=" ">
    <subfield code="a">eng</subfield>
  </datafield>
  <datafield tag="082" ind1=" " ind2=" ">
    <subfield code="2">23</subfield>
    <subfield code="a">332.6</subfield>
    <subfield code="b">NAGF</subfield>
  </datafield>
  <datafield tag="100" ind1=" " ind2=" ">
    <subfield code="a">Nagaraja C and others</subfield>
    <subfield code="9">219329</subfield>
  </datafield>
  <datafield tag="245" ind1=" " ind2=" ">
    <subfield code="a">Financial education and investment awareness</subfield>
  </datafield>
  <datafield tag="260" ind1=" " ind2=" ">
    <subfield code="a">New Delhi</subfield>
    <subfield code="b">Vision Book House</subfield>
    <subfield code="c">2023</subfield>
  </datafield>
  <datafield tag="300" ind1=" " ind2=" ">
    <subfield code="a">iv,458p.</subfield>
    <subfield code="b">PB</subfield>
    <subfield code="c">24x18cm.</subfield>
  </datafield>
  <datafield tag="365" ind1=" " ind2=" ">
    <subfield code="2">Management</subfield>
    <subfield code="a">7754</subfield>
    <subfield code="b">238.40</subfield>
    <subfield code="c">&#x20B9;</subfield>
    <subfield code="d">298.00</subfield>
    <subfield code="e">20%</subfield>
    <subfield code="f">08-02-2023</subfield>
  </datafield>
  <datafield tag="520" ind1=" " ind2=" ">
    <subfield code="a">We have great pleasure in presenting First edition "Financial Education and Investment Awareness" written for students of UG courses. The related matters are written in a simple and easily understandable.
This volume is an attempt to provide the students with thorough understanding of Financial Education and Investment Awareness. We have presented the subject matter in a systematic manner with liberal use of charts and diagrams where ever necessary so as to make it interesting and sustain students' interest
Contents -
Part I - Foundation for Finance
1. Basics of Economics
2. Banking of India
3. Orientation to Financial Statements
4. Basis of Financial Planning
Part II - Investment Management
5. Basics of Investment Products
6. Investments Objectives and Risk Profiles
7. Capital Markets
8. Stock Selection and Stock Return-Risk
Part III - Mutual Funds &amp; Financial Planning Essentials
9. Introduction to Mutual Funds
10. Criteria for Selection of Mutual Funds
11. Financial Planning, Life Cycle and Personal Budget</subfield>
  </datafield>
  <datafield tag="650" ind1=" " ind2=" ">
    <subfield code="a">Basics of Economics</subfield>
    <subfield code="9">71596</subfield>
  </datafield>
  <datafield tag="650" ind1=" " ind2=" ">
    <subfield code="a">Banking of India</subfield>
    <subfield code="9">71597</subfield>
  </datafield>
  <datafield tag="650" ind1=" " ind2=" ">
    <subfield code="a">Investment Management</subfield>
    <subfield code="9">71598</subfield>
  </datafield>
  <datafield tag="650" ind1=" " ind2=" ">
    <subfield code="a">Mutual Funds </subfield>
    <subfield code="9">71599</subfield>
  </datafield>
  <datafield tag="650" ind1=" " ind2=" ">
    <subfield code="a">Finanical Planning</subfield>
    <subfield code="9">71600</subfield>
  </datafield>
  <datafield tag="650" ind1=" " ind2=" ">
    <subfield code="a">III SEM</subfield>
    <subfield code="9">71656</subfield>
  </datafield>
  <datafield tag="650" ind1=" " ind2=" ">
    <subfield code="a">NEP</subfield>
    <subfield code="9">71657</subfield>
  </datafield>
  <datafield tag="700" ind1=" " ind2=" ">
    <subfield code="a">Geetha, A</subfield>
    <subfield code="9">71602</subfield>
  </datafield>
  <datafield tag="700" ind1=" " ind2=" ">
    <subfield code="a">Kumar, D N</subfield>
    <subfield code="9">71603</subfield>
  </datafield>
  <datafield tag="942" ind1=" " ind2=" ">
    <subfield code="2">ddc</subfield>
    <subfield code="c">BK</subfield>
  </datafield>
  <datafield tag="999" ind1=" " ind2=" ">
    <subfield code="c">226626</subfield>
    <subfield code="d">226626</subfield>
  </datafield>
  <datafield tag="952" ind1=" " ind2=" ">
    <subfield code="0">0</subfield>
    <subfield code="1">0</subfield>
    <subfield code="2">ddc</subfield>
    <subfield code="4">0</subfield>
    <subfield code="7">0</subfield>
    <subfield code="8">MAN</subfield>
    <subfield code="a">AL</subfield>
    <subfield code="b">AL</subfield>
    <subfield code="d">2023-02-09</subfield>
    <subfield code="e">Biblios Book Point Surathkal Mangalore 575014</subfield>
    <subfield code="g">238.00</subfield>
    <subfield code="l">2</subfield>
    <subfield code="o">332.6 NAGF</subfield>
    <subfield code="p">076393</subfield>
    <subfield code="r">2025-05-31 12:40:41</subfield>
    <subfield code="s">2025-05-15</subfield>
    <subfield code="v">298.00</subfield>
    <subfield code="w">2023-02-09</subfield>
    <subfield code="y">BK</subfield>
  </datafield>
  <datafield tag="952" ind1=" " ind2=" ">
    <subfield code="0">0</subfield>
    <subfield code="1">0</subfield>
    <subfield code="2">ddc</subfield>
    <subfield code="4">0</subfield>
    <subfield code="7">3</subfield>
    <subfield code="8">MAN</subfield>
    <subfield code="a">AL</subfield>
    <subfield code="b">AL</subfield>
    <subfield code="d">2023-02-09</subfield>
    <subfield code="e">Biblios Book Point Surathkal Mangalore 575014</subfield>
    <subfield code="g">238.00</subfield>
    <subfield code="l">3</subfield>
    <subfield code="o">332.6 NAGF</subfield>
    <subfield code="p">076394</subfield>
    <subfield code="r">2025-04-01 08:09:57</subfield>
    <subfield code="s">2025-04-01</subfield>
    <subfield code="v">298.00</subfield>
    <subfield code="w">2023-02-09</subfield>
    <subfield code="y">REF</subfield>
  </datafield>
  <datafield tag="952" ind1=" " ind2=" ">
    <subfield code="0">0</subfield>
    <subfield code="1">0</subfield>
    <subfield code="2">ddc</subfield>
    <subfield code="4">0</subfield>
    <subfield code="7">0</subfield>
    <subfield code="8">MAN</subfield>
    <subfield code="a">AL</subfield>
    <subfield code="b">AL</subfield>
    <subfield code="d">2023-02-09</subfield>
    <subfield code="e">Biblios Book Point Surathkal Mangalore 575014</subfield>
    <subfield code="g">239.00</subfield>
    <subfield code="l">5</subfield>
    <subfield code="o">332.6 NAGF</subfield>
    <subfield code="p">076395</subfield>
    <subfield code="r">2026-02-09 11:49:53</subfield>
    <subfield code="s">2026-01-31</subfield>
    <subfield code="v">298.00</subfield>
    <subfield code="w">2023-02-09</subfield>
    <subfield code="y">BK</subfield>
  </datafield>
</record>
